000 00855cam a2200289 a 4500
001 37521
005 20230410101755.0
008 841011s1972 mx af b f001 0 spa
035 _9(DLC) 84226239
035 _a1908941
010 _a84226239
020 _a9681609123
040 _aDLC
_cDLC
_dDLC
043 _an-mx---
050 1 4 _a112 F 1392
_bA284p 1972
082 0 0 _a305.8/96/072
_219
100 2 _aAguirre Beltrán, Gonzalo.
245 1 3 _aLa población negra de México :
_bestudio etnohistórico /
_cGonzalo Aguirre Beltrán.
250 _a2a ed.
260 _aMéxico :
_bFondo de Cultura Económica,
_c1972.
300 _a374 p., [1] leaf of plates :
_bill. ;
_c23 cm.
440 0 _aColección tierra firme
504 _aBibliography: p. 311-330.
500 _aIncludes indexes.
650 0 _aBlacks
_zMexico.
942 _2lcc
_cbk
999 _c13763
_d13763